Vista normal
Vista MARC
Entrada Personal Name
Número de registros utilizados en: 1
001 - CONTROL NUMBER
- control field: 10651
003 - CONTROL NUMBER IDENTIFIER
- control field: DLC
005 - DATE AND TIME OF LATEST TRANSACTION
- control field: 20200228094000.0
008 - FIXED-LENGTH DATA ELEMENTS
- fixed length control field: 930506n| acannaab| |n aaa c
010 ## - LIBRARY OF CONGRESS CONTROL NUMBER
- LC control number: no 93012899
040 ## - CATALOGING SOURCE
- Original cataloging agency: DJBF
- Transcribing agency: Mx-PuUPA
- Language of cataloging: spa
- Modifying agency: Mx-PuUPA
- Description conventions: rda
100 10 - HEADING--PERSONAL NAME
- Personal name: Angenault, Jacques,
372 ## - FIELD OF ACTIVITY
- Field of activity: Química
373 ## - ASSOCIATED GROUP
- Associated group: Universidad Pierre y Marie Curie
374 ## - OCCUPATION
- Occupation: Autor
- Occupation: Doctor en ciencias
- Occupation: Catedrático
670 ## - SOURCE DATA FOUND
- Source citation: His La chimie, c1991:
- Information found: t.p. (Jacques Angenault, docteur ès sciences, maître de conférences à l'Université Pierre et Marie Curie (Paris VI))
670 ## - SOURCE DATA FOUND
- Source citation: Diccionario enciclopédico de Química, 1998:
- Information found: t.p. (Jacques Angenault) de portada
670 ## - SOURCE DATA FOUND
- Source citation: Biblioteca del congreso (Estados Unidos), 28 febrero 2020:
- Information found: . Catálogo electrónico
- Uniform Resource Identifier: http://bit.ly/39eWSZK